<?xml version="1.0" encoding="UTF-8"?>
<marc:record xmlns:marc="http://www.loc.gov/MARC21/slim">
   <marc:leader>00000nam a2200000 a 4500</marc:leader>
   <marc:datafield ind1="1" ind2=" " tag="100">
      <marc:subfield code="a">Schomburg, Andrea</marc:subfield>
      <marc:subfield code="4">aut</marc:subfield>
      <marc:subfield code="e">Verfasser/-in</marc:subfield>
   </marc:datafield>
   <marc:datafield ind1=" " ind2=" " tag="653">
      <marc:subfield code="a">Bilderbuch</marc:subfield>
   </marc:datafield>
   <marc:datafield ind1=" " ind2=" " tag="653">
      <marc:subfield code="a">Erzählerische Bilderbücher</marc:subfield>
   </marc:datafield>
   <marc:datafield ind1=" " ind2=" " tag="653">
      <marc:subfield code="a">Reimgeschichten</marc:subfield>
   </marc:datafield>
   <marc:datafield ind1="0" ind2="0" tag="245">
      <marc:subfield code="a">Der Biber mag den Otter lieber</marc:subfield>
   </marc:datafield>
   <marc:datafield ind1="0" ind2="0" tag="245">
      <marc:subfield code="b">Reimgeschichten übers Anderssein</marc:subfield>
   </marc:datafield>
   <marc:datafield ind1=" " ind2="1" tag="264">
      <marc:subfield code="b">Rotfuchs</marc:subfield>
      <marc:subfield code="c">2025</marc:subfield>
   </marc:datafield>
   <marc:datafield ind1="1" ind2=" " tag="520">
      <marc:subfield code="a">Ein Mutmachbuch über das Anderssein in Reimgeschichten.   Tierisch anders, aber nicht minder toll! Hier tauschen Hahn und Henne munter ihre Rollen - denn ob der Hahn die Eier ausbrütet und die Henne morgens kräht, ist schließlich egal, solange alles funktioniert! Und Biber Billy findet den Otter Otto nun mal spannender als die Biberfrau. «Wenn sie sich lieben - warum nicht?», befindet Biber-Oma Adelheid. Dass Flamingos zwingend rosa sind, findet Flamingo Ingo ziemlich langweilig und beschließt, ein grüner Flamingo zu sein. Was die anderen Flamingos dazu sagen, lässt Ingo kalt. «Ich find mich schön. Nur das ist wichtig.»  In diesem wunderbar illustrierten Bilderbuch für Kinder ab 4 Jahren werden Erwartungen an Dinge durchkreuzt und das Anderssein als großartige Alternative erzählt.  Eine Bilderbuchgeschichte in lustigen Reimen zum Vorlesen, Kichern und Entdecken.</marc:subfield>
   </marc:datafield>
   <marc:datafield ind1=" " ind2=" " tag="020">
      <marc:subfield code="a">9783757102074</marc:subfield>
      <marc:subfield code="9">9783757102074</marc:subfield>
   </marc:datafield>
</marc:record>
